000 00936nam a22002297a 4500
003 UA-OsUOA
001 77206
007 ta
008 20110905b un ||||| |||| 00| 0 ukr d
090 _a347.22(4+477)
_bМ55
942 _cBK
040 _aUA-OsUOA
_bukr
_cUA-OsUOA
_dUA-OsUOA
245 _aМеханізми забезпечення майнових прав та інтересів в Україні та Європейському Союзі в контексті концепції сталого розвитку
_bмонографія
_cза заг. ред. Крупчана О. Д.
300 _a264 с.
955 _a1
041 _aukr
080 _a347.22(4+477)
020 _a978-966-7509-56-9
260 _aК.
_bНаук.-досл. ін-т приватного п-ва і підпр. АПрН України
_c2009
650 7 _a347 Цивільне право. Судовий устрій
_2UDC
999 _c363516
_d363516